000 00993nam a22003137a 4500
001 BR2022000348
003 BR-BrBNA
005 20230928105634.0
007 ta
008 230509b bl.||||| |||| 00| 0 por d
040 _aBR-BrBNA
_bpor
_cBiblioteca Nacional de Agricultura
041 _a(Por)
072 _aL01; L02; L51
_b5120
090 _ 5120 BR2022000348
100 1 _aBento, L.D.
110 1 _aUniversidade Federal de Minas Gerais, Belo Horizonte (Brasil). Escola de Veterinária
245 1 _aEfeito do jejum sobre a bioquímica clínica de equinos hígidos
_bCurso de Especialista-Residência em Medicina Veterinária
260 3 _aBelo Horizonte, MG (Brasil):
_c2019.
300 _a43 p.
500 _aSummary (Por); 46 ref.; 12 illus.; 17 tables
650 _aEQUINO
650 _aCAVALO
650 _aDIETA
650 _aBIOQUÍMICA ANIMAL
650 _aMETABOLISMO ANIMAL
650 _aVETERINÁRIA
909 _a202309
_bLucia
_c55
_dLucia Elande
942 _cBK
999 _c85993
_d85993